00714 2200241 4500001002100000005001500021035002000036007000300056008004100059020002200100082001500122084002100137100001500158245008100173250000600254260004500260300005900305650002400364650003600388990001600424990001600440990001600456INLIS00000000000400820251107021515 a0010-1125000040ta251107 g 0 ind  a978-602-06-6528-3 a959.839 32 a959.839 32 YAN d0 aYansen TP.1 aDari Malinau untuk Indonesia Budaya Membangun Bangsa /cYansen TP. (Penulis) a- aJakarta :bGramedia Pustaka Utama,c2022 aviii; 244 Halaman :bIlustrasi Berwarna; teks ;c23 cm 4aMalinau (Kabupaten) 4aKeadaan sosial Kalimantan Utara a00000005888 a00000005447 a00000006136